| 000 | 01631cam a22001934a 4500 | ||
|---|---|---|---|
| 005 | 20250605164212.0 | ||
| 008 | 250528s ||||||||||||||||||||||||d | ||
| 035 | _a20312 | ||
| 020 | _a873226577 | ||
| 040 |
_aGR-AtMCL _bgre _dGR-AtMCL _eAACR2 |
||
| 245 | 1 | _aExercise Programming for Older Adults | |
| 260 |
_bHuman Kinetics, _c1995 |
||
| 300 | _a110 | ||
| 520 | _aThis handbook sets the stage for safe and effective exercise programming by explaining the unique factors you need to consider when developing a program for seniors. Preface, Acknowledgements, Aging and Fitness, Aging World Populations, Exercise and Health in an Aging America, New Attitudes Toward Aging, Changing Fitness Needs, The Fitness Industry and an Aging Population, Exercise Science and Age-Related Changes in Functional Ability, Exercise Physiology and Aging Systems, Physical Conditions Requiring Special Consideration, Psychological and Social Aspects of Aging and the Benefits of Exercise, Meeting the Needs of Older Exercisers, General Program Components, Safety, Providing a Well-Rounded Exercise Program, Social and Emotional Components, Land-Based Programming, Chair Exercise, The Basic Exercise Class, Low-Impact Aerobics, Water-Based Programming, Special Considerations, General Class Format, Specific Water Exercises, Arthritis Water Exercise, Developing and Promoting your Senior Exercise Program, Needs Assessment, Identifying Appropriate Facilities, Promoting Your Exercise Program, Motivating Older Adults to Exercise, References, Index. | ||
| 700 | 1 |
_aNorman Kay A. Van _96319 |
|
| 942 | _cBK | ||
| 999 |
_c5434 _d5434 |
||